Statistiche per Capitali e Iniziali degli Stati - Quiz n°8

Clicka qui per fare il quiz!

Statistiche generali

  • Questo quiz è stato fatto 7 volte
  • Il punteggio medio è 7 su 10

Statistiche sulle risposte

HintRisposta% Corretto
SofiaB
100%
Abu DhabiE
100%
BissauG
100%
RomaI
100%
VarsaviaP
100%
BucarestR
83%
NiameyN
50%
LoméT
33%
KingstownS
17%
ConakryG
0%

Distribuzione punteggi

Percentile per numero di risposta

Percentuale di utenti per punteggio

I tuoi punteggi nel tempo

Non hai fatto questo quiz